000 00262nam a22001097a 4500
003 OSt
008 250207b |||||||| |||| 00| 0 eng d
041 _aeng
100 _aHudson, Norman W
_97105
245 _aSoil and Water Conservation Semi Arid Areas
942 _cBK
999 _c19337
_d19337